00829nam a2200253Ia 4500003000400000005001700004008004100021020001500062020001800077040000900095041001300104050002300117100002100140245012800161246003400289260005700323300003800380500004800418650001700466650004600483700001400529700001100543700002100554OSt20210114144152.0200830s9999||||xx |||||||||||||| ||und|| a7500479468 a9787500479468 cGETS achiheng aBT27 b.G4612 2009 aGeorge, Timothy  0a改教家的神学思想b= Theology of the reformers /c蒂莫西.乔治 (Timothy George) 著 ;‎ 王丽,‎ 孙岱君译 a改教家的神學思想b  a北京 : b中国社会科学出版社,c2017, c2009 a2, 5, 3, 4, 4, 409 p.b;c23 cm.  aTranslation of: Theology of the reformers. aReformation. aTheology, Doctrinal History 16th century. a孙岱君 a王丽 a蒂莫西.乔治